Some aspects on semiotics versus translation

Na minha lista:
Detalhes bibliográficos
Autor principal: Sageder, Dagmar
Formato: Capítulo de Livro
Idioma:inglês
Assuntos:
Tags: Adicionar Tag
Sem tags, seja o primeiro a adicionar uma tag!

MARC

LEADER 00000nla a2200000 4500
001 0199463
005 20240502073358.6
041 0 |a eng 
044 |a SK 
245 1 0 |a Some aspects on semiotics versus translation  |c Dagmar Sageder 
610 2 0 |a jazyky cudzie 
610 2 0 |a angličtina 
610 2 0 |a preklady 
610 2 0 |a prekladatelia 
100 1 |a Sageder, Dagmar